Pan Tadeusz : (Record no. 257495)
[ view plain ]
| 000 -LEADER | |
|---|---|
| fixed length control field | 00964cam a22002653a 4500 |
| 001 - CONTROL NUMBER | |
| control field | 28240 |
| 003 - CONTROL NUMBER IDENTIFIER | |
| control field | PGUSA |
| 005 - DATE AND TIME OF LATEST TRANSACTION | |
| control field | 20140828083617.0 |
| 008 - FIXED-LENGTH DATA ELEMENTS--GENERAL INFORMATION | |
| fixed length control field | 090302s2009||||xxu|||||s|||||000 p eng d |
| 040 ## - CATALOGING SOURCE | |
| Original cataloging agency | PGUSA |
| Language of cataloging | eng |
| 042 ## - AUTHENTICATION CODE | |
| Authentication code | dc |
| 050 #4 - LIBRARY OF CONGRESS CALL NUMBER | |
| Classification number | PG |
| 100 1# - MAIN ENTRY--PERSONAL NAME | |
| Personal name | Mickiewicz, Adam, |
| Dates associated with a name | 1798-1855 |
| 245 10 - TITLE STATEMENT | |
| Title | Pan Tadeusz : |
| Remainder of title | Or, the Last Foray in Lithuania; a Story of Life Among Polish Gentlefolk in the Years 1811 and 1812 |
| Medium | [electronic resource] / |
| Statement of responsibility, etc | Adam Mickiewicz |
| 260 ## - PUBLICATION, DISTRIBUTION, ETC. (IMPRINT) | |
| Name of publisher, distributor, etc | Project Gutenberg, |
| Date of publication, distribution, etc | 2009 |
| 506 ## - RESTRICTIONS ON ACCESS NOTE | |
| Terms governing access | Public domain in the USA. |
| 516 ## - TYPE OF COMPUTER FILE OR DATA NOTE | |
| Type of computer file or data note | Electronic text |
| 653 ## - INDEX TERM--UNCONTROLLED | |
| Uncontrolled term | Gentry -- Lithuania -- Social life and customs -- 19th century -- Fiction |
| 653 ## - INDEX TERM--UNCONTROLLED | |
| Uncontrolled term | Gentry -- Poland -- Social life and customs -- 19th century -- Fiction |
| 653 ## - INDEX TERM--UNCONTROLLED | |
| Uncontrolled term | Epic poetry, Polish -- Adaptations |
| 700 1# - ADDED ENTRY--PERSONAL NAME | |
| Personal name | Noyes, George Rapall, |
| Dates associated with a name | 1873-1952 |
| 830 #0 - SERIES ADDED ENTRY--UNIFORM TITLE | |
| Uniform title | Project Gutenberg |
| Volume number/sequential designation | 28240 |
| 856 40 - ELECTRONIC LOCATION AND ACCESS | |
| Uniform Resource Identifier | <a href="http://www.gutenberg.org/ebooks/28240">http://www.gutenberg.org/ebooks/28240</a> |
| 942 ## - ADDED ENTRY ELEMENTS (KOHA) | |
| Koha item type | eBooks |
| Withdrawn status | Lost status | Damaged status | Home library | Current library | Date acquired | Total Checkouts | Date last seen | Price effective from | Koha item type |
|---|---|---|---|---|---|---|---|---|---|
| Project Gutenberg | Project Gutenberg | 08/28/2014 | 08/28/2014 | 08/28/2014 | eBooks |